Movie analysis of "kita kita" by Sigrid Andrea Bernardo/ (Record no. 88685)
[ view plain ]
| 000 -LEADER | |
|---|---|
| fixed length control field | 03485nam a22002657a 4500 |
| 003 - CONTROL NUMBER IDENTIFIER | |
| control field | URS |
| 005 - DATE AND TIME OF LATEST TRANSACTION | |
| control field | 20251119091039.0 |
| 008 - FIXED-LENGTH DATA ELEMENTS--GENERAL INFORMATION | |
| fixed length control field | 251113b |||||||| |||| 00| 0 eng d |
| 050 00 - LIBRARY OF CONGRESS CALL NUMBER | |
| Classification number | LG 221. R59 |
| Item number | .M3396 2019 |
| 100 10 - MAIN ENTRY--PERSONAL NAME | |
| Personal name | Mariscotes, Fe M. |
| Relator term | Researcher |
| 245 01 - TITLE STATEMENT | |
| Title | <a href="Movie analysis of "kita kita" by Sigrid Andrea Bernardo/">Movie analysis of "kita kita" by Sigrid Andrea Bernardo/</a> |
| Statement of responsibility, etc | Fe M. Mariscotes, Joan Abigail A. Pirote [and] Jean Mae D. Ramada |
| 260 #1 - PUBLICATION, DISTRIBUTION, ETC. (IMPRINT) | |
| Date of publication, distribution, etc | 2019 |
| 300 ## - PHYSICAL DESCRIPTION | |
| Extent | ix, 45 leaves; |
| Other physical details | illustrations, |
| Dimensions | 28cm, |
| 336 ## - CONTENT TYPE | |
| Source | rdacontent |
| Content type term | text |
| 337 ## - MEDIA TYPE | |
| Source | rdamedia |
| Media type term | unmediated |
| 338 ## - CARRIER TYPE | |
| Source | rdacarrier |
| Carrier type term | volume |
| 502 ## - DISSERTATION NOTE | |
| Dissertation note | Undergraduated Thesis |
| Degree type | Bachelor of Secondary Education major in English<br/> |
| Name of granting institution | University of Rizal System, Rodriguez, Rizal<br/> |
| Year degree granted | 2019 |
| 520 ## - SUMMARY, ETC. | |
| Summary, etc | The study aimed to analyze the movie Kita Kita by Sigrid Andrea Bernardo and determined why it became the highest grossing indie film by looking on the relevance of its whole content.<br/><br/>The movie of Ms. Sigrid Andrea Bernardo became the researchers' material for careful analysis and interpretation. The author's purpose, content, orientation, standard of writing, description, significance, and appropriateness of the movie have proved to be interesting data for analysis.<br/><br/>Kita kita movie is basically an interesting movie to watch. From its catchy title, unlikely couple to be your lead, and a totally different concept and story. Sigrid Andrea Bernardo's Kita Kita is not really all about social issues it's really just about their love story and having an ability rather than focusing on your disability. The topics are focused mainly on love and relationship wherein some eases love is really blind. This movie touches the very core of the heart. It shows the power of kindness, acceptance, and selfless love. It teaches us that good things can happen if only we have the patience to wait. It demonstrate how love can transform our lives if only we have courage to be open and if we allow someone to see us for who we really are. It seems like a happy beginning turns bitter, then sweet and sad toward the end. The film was going to break old rules, it spots for a resolution where the beauty of a woman is measured in terms of good looks and not a good heart. Here, the viewers are rooting for the man who once was a loser, only for the story-teller to snap the hope out of them.<br/><br/>In line with the analysis, the following Conclusions were drawn:<br/><br/>The researchers found out the reason why Kita kita became the highest grossing indie film is because of its all elements, taken individually, and it shouldn't have been red flags at the box office. They took two fairly popular actors and put them together for an unlikely romantic pairing. There was no colorful support ensemble, no comic relief to help the main story chug along. Just these two characters and a simple script that did not bristle with "hugot one-liners that audience can catch on to and retweet. The writer also killed the leading man in the middle of the film. There was no happily ever after.<br/><br/>Based on the analysis and conclusion of the study, the recommendations are hereby offered for those people who experienced heart aches most especially Overseas Filipino Workers (OFW), that continuously shown the culture of a Filipino where ever they are. |
| 650 ## - SUBJECT ADDED ENTRY--TOPICAL TERM | |
| Source of heading or term | Movie Analysis |
| 690 ## - Local Subject Access Fields (UN SDG) | |
| UN SDG | UN SDG 9: Industry, Innovation and Infrastructure |
| 700 ## - ADDED ENTRY--PERSONAL NAME | |
| Personal name | Pirote, Joan Abigail A. |
| Relator term | Researcher |
| 700 ## - ADDED ENTRY--PERSONAL NAME | |
| Personal name | Ramada, Jean Mae D. |
| Relator term | Researcher |
| 700 ## - ADDED ENTRY--PERSONAL NAME | |
| Personal name | Alexander C. Altamarino, MAT |
| Relator term | Adviser |
| 942 ## - ADDED ENTRY ELEMENTS (KOHA) | |
| Source of classification or shelving scheme | Library of Congress Classification |
| Koha item type | Theses and dissertations |
| Withdrawn status | Source of classification or shelving scheme | Damaged status | Not for loan | Home library | Current library | Shelving location | Date acquired | Total Checkouts | Full call number | Barcode | Date last seen | Copy number | Price effective from | Koha item type |
|---|---|---|---|---|---|---|---|---|---|---|---|---|---|---|
| Library of Congress Classification | Not For Loan | Rodriguez College Library | Rodriguez College Library | Undergraduate Theses | 11/13/2025 | LG 221. R59 .M3396 2019 | URSROD-UGT-ENG-1388 | 11/13/2025 | 1 | 11/13/2025 | Theses and dissertations |